000 00347nam a2200133Ia 4500
008 230917s9999||||xx |||||||||||||| ||und||
040 _e155808
_aMAIN
041 _aEnglish
082 _a973 F21F
245 0 _aFamily encyclopedia of American history
260 _aNew York
_bReader's Digest Association
_c1975
300 _a1370 p.
942 _cBK
999 _c196371
_d196371